Biomedical engineering and design handbook / (رقم التسجيلة. 31605)

تفاصيل مارك
000 -الفاتح
حقل البيانات ثابتة الطول 01953cam a22004814a 4500
001 - رقم الضبط
رقم الضبط 15757523
003 - محدد رقم الضبط
رقم الضبط OSt
005 - وقت وتاريخ اخر تعامل مع التسجيلة
رقم الضبط 20150408114146.0
008 - عناصر البيانات ثابتة الطول - معلومات عامة
حقل البيانات ثابتة الطول 090528s2009 nyua bf 001 0 eng
010 ## - رقم ضبط مكتبة الكونجرس
رقم ضبط مكتبة الكونجرس 2009022105
016 7# - رقم ضبط الوكاله الوطنية للضبط الببليوجرافي
رقم ضبط التسجيلة 101506258
المصدر DNLM
020 ## - الرقم الدولى المعيارى للكتب
الرقم الدولى المعيارى للكتاب 9780071498401 (set : alk. paper)
020 ## - الرقم الدولى المعيارى للكتب
الرقم الدولى المعيارى للكتاب 0071498400 (set : alk. paper)
020 ## - الرقم الدولى المعيارى للكتب
الرقم الدولى المعيارى للكتاب 9780071498388 (v. 1 : alk. paper)
020 ## - الرقم الدولى المعيارى للكتب
الرقم الدولى المعيارى للكتاب 0071498389 (v. 1 : alk. paper)
020 ## - الرقم الدولى المعيارى للكتب
الرقم الدولى المعيارى للكتاب 9780071498395 (v. 2)
020 ## - الرقم الدولى المعيارى للكتب
الرقم الدولى المعيارى للكتاب 0071498397 (v. 2)
035 ## - رقم ضبط النظام
رقم ضبط النظام (OCoLC)ocn370605119
040 ## - مصدر الفهرسة
وكالة الفهرسة الأصلية DNLM/DLC
وكالة النسخ DLC
وكالة التعديل BTCTA
-- BAKER
-- YDXCP
-- NLM
-- C#P
-- BWX
-- CDX
-- OCLCQ
-- DLC
042 ## - رمز التحقق
رمز التحقق pcc
050 00 - رقم طلب مكتبة الكونجرس
رقم التصنيف R856.15
رقم المادة .S73 2009
082 00 - رقم تصنيف ديوى العشرى
رقم التصنيف 610.28
رقم الطبعة 22
رقم المادة BIE
245 00 - بيان العنوان
العنوان Biomedical engineering and design handbook /
بيان المسئوليه,etc Myer Kutz, editor.
250 ## - بيان الطبعة
بيان الطبعة 2nd ed.
260 ## - PUBLICATION, DISTRIBUTION, ETC. (IMPRINT)
مكان الناشر او الموزع New York :
اسم الناشر او الموزع McGraw-Hill,
تاريخ النشر أو التوزيع c2009.
300 ## - الوصف المادى
التعداد 2 v. :
تفاصيل ماديه اخرى للوعاء ill. ;
أبعاد الوعاء 25 cm.
500 ## - تبصرة عامة
تبصرة عامة Rev. ed. of: Standard handbook of biomedical engineering and design. c2003.
504 ## - تبصرة ببليوجرافية
تبصرة ببليوجرافية,الخ Includes bibliographical references and index.
505 0# - تبصرة محتويات-الفهرس
تبصرة المحتويات المصاغة v. 1. Fundamentals -- v. 2. Applications.
650 #0 - المدخل الاضافى بالموضوع-مصطلح موضوعى
مصطلح موضوعي أو اسم جغرافي كعنصر مدخل Biomedical engineering
التقسيم الفرعي الشكلي Handbooks, manuals, etc.
9 (RLIN) 38662
650 #0 - المدخل الاضافى بالموضوع-مصطلح موضوعى
مصطلح موضوعي أو اسم جغرافي كعنصر مدخل Medical instruments and apparatus
التقسيم الفرعي العام Design and construction
التقسيم الفرعي الشكلي Handbooks, manuals, etc.
9 (RLIN) 38663
650 12 - المدخل الاضافى بالموضوع-مصطلح موضوعى
مصطلح موضوعي أو اسم جغرافي كعنصر مدخل Biomedical Engineering.
650 22 - المدخل الاضافى بالموضوع-مصطلح موضوعى
مصطلح موضوعي أو اسم جغرافي كعنصر مدخل Biocompatible Materials.
9 (RLIN) 5007
650 22 - المدخل الاضافى بالموضوع-مصطلح موضوعى
مصطلح موضوعي أو اسم جغرافي كعنصر مدخل Biomechanics.
650 22 - المدخل الاضافى بالموضوع-مصطلح موضوعى
مصطلح موضوعي أو اسم جغرافي كعنصر مدخل Biomedical Technology.
650 22 - المدخل الاضافى بالموضوع-مصطلح موضوعى
مصطلح موضوعي أو اسم جغرافي كعنصر مدخل Equipment Design.
9 (RLIN) 38592
700 1# - المدخل الاضافى - اسم شخصى
الإسم الشخصى Kutz, Myer.
9 (RLIN) 38664
730 0# - المدخل الاضافى- عنوان موحد
عنوان موحد Standard handbook of biomedical engineering and design.
9 (RLIN) 38665
856 41 - الوصول و الموقع الالكترونى
مواد محددة Table of contents only
معرف المصدر الموحد <a href="http://www.loc.gov/catdir/toc/fy1002/2009022105.html">http://www.loc.gov/catdir/toc/fy1002/2009022105.html</a>
906 ## - عنصر بيانات محلى F, LDF (RLIN)
a 7
b cbc
c orignew
d 1
e ecip
f 20
g y-gencatlg
942 ## - عناصر المدخل الإضافي( كوها)
مصدر التصنيف او مخطط الترفيف Dewey Decimal Classification
Koha [default] item type كتاب
المقتنيات
حالة الفقد نموذج السعر الفعال حالة تلف ليس للاعارة رقم الطلب رقم النسخة تاريخ الاكتساب الموقع الحالي الباركود الفرع الرئيسي Date last seen نوع المادة فى نظام كوها مصدر التصنيف او خطة الترفيف Total Checkouts
  2013-10-30     610.28 BIE V1 2013-10-30 المكتبة المركزية بالمجمعة (CL) 00402873 المكتبة المركزية بالمجمعة (CL) 2013-10-30 كتاب Dewey Decimal Classification  
  2013-10-30     610.28 BIE V1 2013-10-30 المكتبة المركزية بالمجمعة (CL) 00402874 المكتبة المركزية بالمجمعة (CL) 2013-10-30 كتاب Dewey Decimal Classification  
  2013-10-30     610.28 BIE V1 2013-10-30 المكتبة المركزية بالمجمعة (CL) 00402875 المكتبة المركزية بالمجمعة (CL) 2013-10-30 كتاب Dewey Decimal Classification  
  2013-10-30     610.28 BIE V2 2013-10-30 المكتبة المركزية بالمجمعة (CL) 00402876 المكتبة المركزية بالمجمعة (CL) 2013-10-30 كتاب Dewey Decimal Classification  
  2013-10-30     610.28 BIE V2 2013-10-30 المكتبة المركزية بالمجمعة (CL) 00402877 المكتبة المركزية بالمجمعة (CL) 2013-10-30 كتاب Dewey Decimal Classification  
  2013-10-30     610.28 BIE V2 2013-10-30 المكتبة المركزية بالمجمعة (CL) 00402878 المكتبة المركزية بالمجمعة (CL) 2013-10-30 كتاب Dewey Decimal Classification  
  2013-10-30     610.28 BIE V1 2013-10-30 مكتبة مجمع الكليات بالزلفى - طلاب (SZM) 00402879 مكتبة مجمع الكليات بالزلفى - طلاب (SZM) 2013-10-30 كتاب Dewey Decimal Classification  
  2013-10-30     610.28 BIE V1 2013-10-30 مكتبة مجمع الكليات بالزلفى - طلاب (SZM) 00402880 مكتبة مجمع الكليات بالزلفى - طلاب (SZM) 2013-10-30 كتاب Dewey Decimal Classification  
  2013-10-30     610.28 BIE V2 2013-10-30 مكتبة مجمع الكليات بالزلفى - طلاب (SZM) 00402881 مكتبة مجمع الكليات بالزلفى - طلاب (SZM) 2013-10-30 كتاب Dewey Decimal Classification  
  2013-10-30     610.28 BIE V2 2013-10-30 مكتبة مجمع الكليات بالزلفى - طلاب (SZM) 00402882 مكتبة مجمع الكليات بالزلفى - طلاب (SZM) 2013-10-30 كتاب Dewey Decimal Classification  
  2013-10-30     610.28 BIE V1 2013-10-30 مكتبة مجمع الكليات بالزلفى - طلاب (SZM) 00402919 مكتبة مجمع الكليات بالزلفى - طلاب (SZM) 2013-10-30 كتاب Dewey Decimal Classification  
  2013-10-30     610.28 BIE V2 2013-10-30 مكتبة مجمع الكليات بالزلفى - طلاب (SZM) 00402920 مكتبة مجمع الكليات بالزلفى - طلاب (SZM) 2013-10-30 كتاب Dewey Decimal Classification